书目信息 |
| 题名: |
高层建筑结构计算分析实用指南
|
|
| 作者: | 焦柯 , 赖鸿立 , 吴桂广 主编 | |
| 分册: | ||
| 出版信息: | 北京 中国建筑工业出版社 2018.02 |
|
| 页数: | 276页 | |
| 开本: | 24cm | |
| 丛书名: | ||
| 单 册: | ||
| 中图分类: | TU973 | |
| 科图分类: | ||
| 主题词: | 高层建筑--gao ceng jian zhu--结构设计--工程计算--指南 | |
| 电子资源: | ||
| ISBN: | 978-7-112-21575-1 | |
| 000 | 01002nam0 2200253 450 | |
| 001 | 0100001040 | |
| 005 | 20190305155857.17 | |
| 010 | @a978-7-112-21575-1@dCNY55.00 | |
| 100 | @a20180327d2018 em y0chiy50 ea | |
| 101 | 0 | @achi |
| 102 | @aCN@b110000 | |
| 105 | @aak a 000yy | |
| 200 | 1 | @a高层建筑结构计算分析实用指南@Agao ceng jian zhu jie gou ji suan fen xi shi yong zhi nan@f焦柯, 赖鸿立, 吴桂广主编 |
| 210 | @a北京@c中国建筑工业出版社@d2018.02 | |
| 215 | @a276页@c图@d24cm | |
| 320 | @a有书目 (第275-276页) | |
| 330 | @a本书将高层建筑结构计算分析的工作内容归纳为14个专项分析, 包括小震下反应谱分析和时程分析、中震和大下抗震性能分析、风荷载分析、结构风荷载分析、结构稳定性分析、地下室抗浮分析、楼板室抗浮分析等。 | |
| 606 | 0 | @a高层建筑@Agao ceng jian zhu@x结构设计@x工程计算@j指南 |
| 690 | @aTU973@v5 | |
| 701 | 0 | @a焦柯@Ajiao ke@4主编 |
| 701 | 0 | @a赖鸿立@Alai hong li@4主编 |
| 701 | 0 | @a吴桂广@Awu gui guang@4主编 |
| 801 | 0 | @aCN@c20180910 |
| 905 | @a河南城建学院图书馆@dTU973@eJ667 | |
| 高层建筑结构计算分析实用指南/焦柯, 赖鸿立, 吴桂广主编.-北京:中国建筑工业出版社,2018.02 |
| 276页:图;24cm |
| ISBN 978-7-112-21575-1:CNY55.00 |
| 本书将高层建筑结构计算分析的工作内容归纳为14个专项分析, 包括小震下反应谱分析和时程分析、中震和大下抗震性能分析、风荷载分析、结构风荷载分析、结构稳定性分析、地下室抗浮分析、楼板室抗浮分析等。 |
| ● |
| 相关链接 |
|
|
|
正题名:高层建筑结构计算分析实用指南
索取号:TU973/J667
 
预约/预借
| 序号 | 登录号 | 条形码 | 馆藏地/架位号 | 状态 | 备注 |
| 1 | 1305475 | 213054754 | 建筑库201/201建筑库 87排1列1层/ [索取号:TU973/J667] | 在馆 | |
| 2 | 1399522 | 213995220 | 建筑库201/201建筑库 87排1列1层/ [索取号:TU973/J667] | 在馆 | |
| 3 | 1399523 | 213995239 | 建筑库201/201建筑库 87排1列1层/ [索取号:TU973/J667] | 在馆 |